<?xml version="1.0" encoding="UTF-8"?><?xml-stylesheet type="text/xsl" href="static/style.xsl"?><OAI-PMH xmlns="http://www.openarchives.org/OAI/2.0/" xmlns:xsi="http://www.w3.org/2001/XMLSchema-instance" xsi:schemaLocation="http://www.openarchives.org/OAI/2.0/ http://www.openarchives.org/OAI/2.0/OAI-PMH.xsd"><responseDate>2026-04-17T08:00:15Z</responseDate><request verb="GetRecord" identifier="oai:www.recercat.cat:10230/54539" metadataPrefix="marc">https://recercat.cat/oai/request</request><GetRecord><record><header><identifier>oai:recercat.cat:10230/54539</identifier><datestamp>2025-12-18T01:27:13Z</datestamp><setSpec>com_2072_6</setSpec><setSpec>col_2072_452952</setSpec></header><metadata><record xmlns="http://www.loc.gov/MARC21/slim" xmlns:dcterms="http://purl.org/dc/terms/" xmlns:xsi="http://www.w3.org/2001/XMLSchema-instance" xmlns:doc="http://www.lyncode.com/xoai" xsi:schemaLocation="http://www.loc.gov/MARC21/slim http://www.loc.gov/standards/marcxml/schema/MARC21slim.xsd">
   <leader>00925njm 22002777a 4500</leader>
   <datafield ind2=" " ind1=" " tag="042">
      <subfield code="a">dc</subfield>
   </datafield>
   <datafield ind2=" " ind1=" " tag="720">
      <subfield code="a">Miralpeix, Ester</subfield>
      <subfield code="e">author</subfield>
   </datafield>
   <datafield ind2=" " ind1=" " tag="720">
      <subfield code="a">Solé-Sedeño, Josep Maria</subfield>
      <subfield code="e">author</subfield>
   </datafield>
   <datafield ind2=" " ind1=" " tag="720">
      <subfield code="a">Rodriguez-Cosmen, Cristina</subfield>
      <subfield code="e">author</subfield>
   </datafield>
   <datafield ind2=" " ind1=" " tag="720">
      <subfield code="a">Taus García, Álvaro</subfield>
      <subfield code="e">author</subfield>
   </datafield>
   <datafield ind2=" " ind1=" " tag="720">
      <subfield code="a">Muns, Maria Dolors</subfield>
      <subfield code="e">author</subfield>
   </datafield>
   <datafield ind2=" " ind1=" " tag="720">
      <subfield code="a">Fabregó, Berta</subfield>
      <subfield code="e">author</subfield>
   </datafield>
   <datafield ind2=" " ind1=" " tag="720">
      <subfield code="a">Mancebo Moreno, Gemma</subfield>
      <subfield code="e">author</subfield>
   </datafield>
   <datafield ind2=" " ind1=" " tag="260">
      <subfield code="c">2022-10-24T06:24:45Z</subfield>
   </datafield>
   <datafield ind2=" " ind1=" " tag="260">
      <subfield code="c">2022-10-24T06:24:45Z</subfield>
   </datafield>
   <datafield ind2=" " ind1=" " tag="260">
      <subfield code="c">2022</subfield>
   </datafield>
   <datafield ind2=" " ind1=" " tag="520">
      <subfield code="a">Background: Cytoreductive surgery followed by systemic chemotherapy is the standard of treatment in advanced ovarian cancer where feasible. Neoadjuvant chemotherapy (NACT) followed by surgery is applicable where upfront cytoreductive surgery is not feasible because of few certain reasons. Nevertheless, surgical interventions and the chemotherapy itself may be associated with postoperative complications usually entailing slow postoperative recovery. Prehabilitation programs consist of the patient&amp;apos;s preparation before surgery to improve the patient&amp;apos;s functional capacity. The aim of this study was to evaluate the impact of a prehabilitation program during neoadjuvant treatment and interval cytoreductive surgery for ovarian cancer patients. Methods: A retrospective observational pilot study of patients with advanced ovarian cancer treated with NACT and interval cytoreductive surgery was conducted. The prehabilitation group received a structured intervention based on physical exercise, nutritional counseling, and psychological support. Nutritional parameters were assessed preoperatively and postoperatively, and functional parameters and perioperative and postoperative complications were also recorded. Results: A total of 29 patients were included in the study: 14 in the prehabilitation group and 15 in the control group. The patients in the prehabilitation program showed higher mean total protein levels in both preoperative (7.4 vs. 6.8, p = 0.004) and postoperative (4.9 vs. 4.3, p = 0.005) assessments. Up to 40% of controls showed intraoperative complications vs. 14.3% of patients in the prehabilitation group, and the requirement of intraoperative blood transfusion was significantly lower in the prehabilitation group (14.3% vs. 53.3%, p = 0.027). The day of the first ambulation, rate of postoperative complications, and length of hospital stay were similar between the groups. Finally, trends towards shorter time between diagnosis and interval cytoreductive surgery (p = 0.097) and earlier postoperative diet restart (p = 0.169) were observed in the prehabilitation group. Conclusion: Prehabilitation during NACT in women with ovarian cancer candidates to interval cytoreductive surgery may improve nutritional parameters and thereby increase postoperative recovery. Nevertheless, the results of this pilot study are preliminary, and further studies are needed to determine the clinical impact of prehabilitation programs.</subfield>
   </datafield>
   <datafield tag="653" ind2=" " ind1=" ">
      <subfield code="a">Interval cytoreductive surgery</subfield>
   </datafield>
   <datafield tag="653" ind2=" " ind1=" ">
      <subfield code="a">Neoadjuvant chemotherapy</subfield>
   </datafield>
   <datafield tag="653" ind2=" " ind1=" ">
      <subfield code="a">Ovarian cancer</subfield>
   </datafield>
   <datafield tag="653" ind2=" " ind1=" ">
      <subfield code="a">Prehabilitation</subfield>
   </datafield>
   <datafield ind2="0" ind1="0" tag="245">
      <subfield code="a">Impact of prehabilitation during neoadjuvant chemotherapy and interval cytoreductive surgery on ovarian cancer patients: a pilot study</subfield>
   </datafield>
</record></metadata></record></GetRecord></OAI-PMH>